ERP systémy na báze open-source bakalárska práca

Salvato in:
Dettagli Bibliografici
Autore principale: Szabóová, Katarína
Ente Autore: Fakulta hospodárskej informatiky EU. Katedra aplikovanej informatiky
Altri autori: Jurík, Pavol, 1987-
Natura: Libro
Lingua:slovacco
Pubblicazione: Bratislava 2018
Tags: Aggiungi Tag
Nessun Tag, puoi essere il primo ad aggiungerne!!

MARC

LEADER 00000nbm a2200000 4500
001 0245304
005 20181015110905.1
041 0 |a slo 
044 |a SK 
245 1 0 |a ERP systémy na báze open-source  |b bakalárska práca  |c Katarína Szabóová ; školiteľ: Pavol Jurík 
264 1 |a Bratislava  |c 2018 
300 |a 60 s. 
100 1 |a Szabóová, Katarína 
700 1 |a Jurík, Pavol, 1987- 
710 2 |a Fakulta hospodárskej informatiky EU. Katedra aplikovanej informatiky